Applied Mechanics and Strength of materials / (Record no. 1331)
[ view plain ]
| 000 -LEADER | |
|---|---|
| fixed length control field | 00801cam a2200325ua 4500 |
| 041 ## - LANGUAGE CODE | |
| Language code of text/sound track or separate title | eng |
| 082 ## - DEWEY DECIMAL CLASSIFICATION NUMBER | |
| Classification number | 620.1 |
| Item number | KHU/AP |
| 100 ## - MAIN ENTRY--AUTHOR NAME | |
| Personal name | Khurmi, R.S. |
| 245 ## - TITLE STATEMENT | |
| Title | Applied Mechanics and Strength of materials / |
| 250 ## - EDITION STATEMENT | |
| Edition statement | 13 / |
| 260 ## - PUBLICATION, DISTRIBUTION, ETC. (IMPRINT) | |
| Place of publication | NewDelhi : |
| Name of publisher | Nirja construction and Development , |
| Year of publication | 2005. |
| 300 ## - PHYSICAL DESCRIPTION | |
| Number of Pages | 830 ; . |
| 500 ## - GENERAL NOTE | |
| General note | 20889,17932-Scheme |
| 942 ## - ADDED ENTRY ELEMENTS (KOHA) | |
| Koha item type | Books |
| Withdrawn status | Lost status | Damaged status | Home library | Current library | Date acquired | Full call number | Accession Number | Koha item type | Shelving location |
|---|---|---|---|---|---|---|---|---|---|
| KAUAET | KAUAET | 07/04/2012 | 620.1 KHU/AP | 14549 | Books | ||||
| KAUAET | KAUAET | 07/04/2012 | 620.1 KHU/AP | 14550 | Books | ||||
| Withdrawn | Damaged | KAUAET | KAUAET | 07/04/2012 | 620.1 KHU/AP | 16729 | Books | ||
| KAUAET | KAUAET | 07/04/2012 | 620.1 KHU/AP | 17932 | Books | Scheme | |||
| KAUAET | KAUAET | 07/04/2012 | 620.1 KHU/AP | 17933 | Books | ||||
| KAUAET | KAUAET | 07/04/2012 | 620.1 KHU/AP | 20889 | Books | Scheme | |||
| KAUAET | KAUAET | 07/04/2012 | 620.1 KHU/AP | 20911 | Books | ||||
| KAUAET | KAUAET | 07/04/2012 | 620.1 KHU/AP | 20912 | Books | ||||
| KAUAET | KAUAET | 07/04/2012 | 620.1 KHU/AP | 20913 | Books | ||||
| KAUAET | KAUAET | 07/04/2012 | 620.1 KHU/AP | 20914 | Books | ||||
| KAUAET | KAUAET | 07/04/2012 | 620.1 KHU/AP | 20915 | Books | ||||
| KAUAET | KAUAET | 07/04/2012 | 620.1 KHU/AP | 22232 | Books |
